Motivačné aspekty výučby cudzích jazykov

Uložené v:
Podrobná bibliografia
Hlavný autor: Hrivíková, Tatiana, 1959-
Médium: Kapitola
Jazyk:Slovak
Tagy: Pridať tag
Žiadne tagy, Buďte prvý, kto otaguje tento záznam!

MARC

LEADER 00000naa$a2200000$$$4500
001 0110818
005 20240502072227.2
041 0 |a slo 
044 |a SK 
245 1 0 |a Motivačné aspekty výučby cudzích jazykov  |c Tatiana Hrivíková 
100 1 |a Hrivíková, Tatiana, 1959-